000 00503nam a22001937a 4500
005 20260423160822.0
008 260423b |||||||| |||| 00| 0 eng d
020 _a9789352604739
_c1095.95
040 _aMAIN
041 _aEnglish
082 _a551.48
_bLIN
100 _aLinsley, Ray
_926724
245 _aApplied Hydrology
260 _aChennai
_bMcGraw Hill Education
_c2017
300 _a689
650 _aEnvironment Science (PM USHA)
_926725
700 _aKohler, Max
_926726
942 _cBK
999 _c60715
_d60715